| 000 | 00592aam a2200229 4500 | ||
|---|---|---|---|
| 005 | 20260406154423.0 | ||
| 008 | 150720b1967 xxu||||| |||| 00| 0 spa d | ||
| 041 | _aESP | ||
| 082 | _a364.36 S113d | ||
| 100 |
_aSabater Tomas, Antonio _914411 |
||
| 245 | _aLos jóvenes delincuentes | ||
| 260 | _aEspaña | ||
| 260 | _bHispano Europea | ||
| 260 | _c1967 | ||
| 300 | _a357 páginas | ||
| 490 | _aInvestigación Criminal | ||
| 650 | _aSOCIOLOGÍA CRIMINAL | ||
| 650 | _aPERSONALIDAD HUMANA | ||
| 650 | _aDELINCUENCIA JUVENIL | ||
| 650 | _aCOMPORTAMIENTO DELICTIVO | ||
| 942 |
_cBK _2ddc |
||
| 999 |
_c86 _d86 |
||